| 000 | 01117cam a2200313 a 4500 | ||
|---|---|---|---|
| 999 |
_c10144 _d10144 |
||
| 001 | 254011 | ||
| 003 | OSt | ||
| 005 | 20191218160925.0 | ||
| 008 | 990520s1998 ii b 000 0 eng | ||
| 010 | _a 99931640 | ||
| 020 | _a8120204530 | ||
| 025 | _aI-E-99-931640; 79-13 | ||
| 037 |
_bLibrary of Congress -- New Delhi Field Office _cRs325.00 |
||
| 040 |
_aDLC _cDLC _dDLC |
||
| 042 | _alcode | ||
| 043 | _aa-ii--- | ||
| 050 | 0 | 0 |
_aHC435.2 _b.S54754 1998 |
| 082 | 0 | 0 |
_a338.954 _221 _bSIN/I |
| 100 | 1 | _aSinha, Birendra Kumar. | |
| 245 | 1 | 4 |
_aThe Indian economy in the 21st century : _ba global perspective / _cBirendra Kumar Sinha. |
| 260 |
_aDelhi : _bAjanta Book International, _c1998. |
||
| 300 |
_aviii, 252 p. ; _c22 cm. |
||
| 504 | _aIncludes bibliographical references (p. [244]-252). | ||
| 651 | 0 |
_aIndia _xEconomic conditions _y1947- |
|
| 651 | 0 |
_aIndia _xEconomic policy _y1991- |
|
| 906 |
_a7 _bcbc _corigode _d4 _encip _f19 _gy-gencatlg |
||
| 942 |
_2ddc _cBK _h338.954 _iSIN/I _k338.954 _mSIN/I |
||